000 00452nam a2200133 a 4500
008 120416s1971 xx |||||||||||||| || u
050 _aTS 227 Dav
100 _aDavies, Arthur Cyrill
245 1 4 _aThe science and practice of welding. (5th ed. )
250 _a5th ed.
260 _c1971
350 _a0.00
995 _D0.00
_FCBU-MAIN LIBRARY (Kitwe)
_H1
_I2.60
_UDAMAGED
_ZMain Library Open Access Collection
999 _c57081
_d57081